000 04770nam a2200493Ia 4500
001 dia_5973
003 CHAP
005 20240821111907.0
007 ta
008 220601s2015 mx bdo frm 001 0 spa d
040 _amxchpua
_cCHAP
_erda
041 0 _aspa
_beng
090 _aTesis
_bM46
_c2015
100 1 _aMéndez Miranda, Ma. Beatriz
245 1 0 _aEstudio químico proximal de harina de nopal (Opuntia ficus indica L.) variedad Atlixco para consumo humano /
_cMa. Beatriz Méndez Miranda y María Josefina Morales Hernández
264 _aChapingo, México :
_bEl autor,
_c2015
300 _a103 hojas :
_bmapas, gráficas, diagramas, tablas, fotos +
_e1 CD-ROM
336 _2rdacontent
_atexto
_btxt
337 _2rdamedia
_ano mediado
_bn
338 _2rdacarrier
_avolumen
_bnc
500 _aEl CD contiene reporte
502 _aTesis
_b(Ingeniero Agroindustrial) --
_cUACh. Departamento de Ingeniería Agroindustrial,
_d2015
504 _aBibliografía: hojas 60-66
520 3 _aEn México se consumen preferentemente nopalitos frescos y en minima cantidad nopales maduros, lo anterior se debe a que no se sabe como prepararlo o industrializarlo, ademas del poco conocimiento de las propiedades que este adquiere en su maduracion.Este trabajo presenta los resultados experimentales obtenidos del analisis quimico proximal que se realizo a la harina de nopal usando nopales maduros (Opuntia ficus indica L.) variedad Atlixco mediante un diseno estadistico factorial 22, estudiando los factores edad y condicion osmotica y su efecto sobre algunas caracteristicas de la harina obtenida.Se consideran 2 factores (osmosis y edad) con 2 niveles cada uno en un diseno completamente aleatorizado con tres repeticiones mediante el ANOVA del diseno experimental a un nivel de significancia ƒÑ=0.05, permitio encontrar diferencia significativa en el factor año para las variables respuesta de calcio y cenizas; en el factor osmosis se encontro diferencia significativa en fibra cruda, proteina cruda, materia organica y calcio, en cuanto la interaccion solo se observo en calcio. En este trabajo se encontro que la harina de nopal que se obtuvo con osmosis tuvo mayor rendimiento, la que no tiene osmosis tiene mayor concentracion de componentes y que la produccion de harina de nopal con cladodios maduros si incrementa el contenido de calcio. Este producto podria ser una opcion de ser considerada como complemento alimenticio. --
520 3 _aIn Mexico the people preferably nonsmall sticks and in minimal quantity mature, the previous thing owes to itself that is not known how to prepare it or to industrialize it, besides little knowledge of the properties that this one acquires in its ripeness.This work there presents the experimental results obtained of the chemical analysis proximal that was made the flour of prickly pear using mature prickly pear (Opuntia ficus indica L.) Variety Atlixco by means of a factorial statistical design 22, studying the factors age and osmotic condition and its effect on some characteristics of the obtained flour.They are considered to be 2 factors (osmosis and age) with 2 levels each one in a design completely randomized with three repetitions by means of the ANOVA of the experimental design of significance level Ą=0.05, significant differences allowed to find in the factor year for the variables answer of calcium and ashes; in the osmosis factor was significant difference in raw fiber, raw protein, organic matter and calcium, in all that the interaction only we observe in calcium. In this work we found that the flour of prickly pear that was obtained with osmosis had improved performance, which does not have osmosis, has improved concentration of components and that the production of flour of prickly pear with mature stem if it increases the content of calcium. This product might be an option to be considered as complement alimentary.
650 1 7 _aOpuntia ficus-indica
_2atg
650 1 3 _aNopal
_xHarina
_2atg
650 1 3 _aNopal
_xAnálisis químico
_2atg
650 1 3 _aProductos agrícolas
_2atg
650 1 3 _aOpuntia ficus-indica
_xFlour
_2atg
650 1 3 _aOpuntia ficus-indica
_xChemical analysis
_2atg
650 1 3 _aAgricultural products
_2atg
700 1 _aMorales Hernández, María Josefina
_eautora
700 1 _aSzymanski Duque, Rosa Guadalupe
_edirectora
700 1 _aEspejel Zaragoza, José Alfredo
_easesor
700 1 _aVázquez Peña, Mario Alberto
_easesor
856 4 1 _uhttp://10.13.5.2/tesis/sist111610.pdf
_yDESCARGAR PDF
901 _aTESIS M46 2015
902 _aM
905 _a5232272015 mx dnml8223123322spa16
942 _cTESIS
_2Clasificación Universidad Autónoma Chapingo
999 _c209632
_d209632